00565nam a2200193Ia 4500008004100000041001200041082001200053100007000065245004400135260003700179300000800216365000800224520001300232546001200245630004400257650001300301655001300314730004400327101110s9999 xx 000 0 und d aMARATHI bSR28879 aChopde, L.N. Choudhari, D.H..Mehta, Kishor Gandhi, M.A. andothers aAdvanced Financial Accounting (M.Com-1) c2006bSheth Pub. Pvt.Ltd, Mumbai a762 b185 aCommerce aMARATHI aAdvanced Financial Accounting (M.Com-1) aCommerce aCommerce aAdvanced Financial Accounting (M.Com-1)